000 00452nam a2200157 4500
001 131564
003 ES-MaACL
005 20230906194015.0
007 t|
008 070214s1967 sp r ||||1| spa d
100 1 _aRodríguez Argenta, José Luis.
_998345
245 1 3 _aLa potestad del alfarero /
_cJosé Luis Rodríguez Argenta.
260 _aMadrid :
_bEd. Nacional,
_c1967.
300 _a120 p. ;
_c21 cm.
852 _aES-MaACL
_jC-32821
_bR.63258
999 _c131564
_d131564